| 000 | 00676nam a2200205Ia 4500 | ||
|---|---|---|---|
| 003 | GCL | ||
| 008 | 140319s9999 xx 000 0 ara d | ||
| 040 |
_aGCL / _cGCL |
||
| 082 | 0 | 4 |
_a928.1 _bك ا |
| 100 | 1 | _aاحمد زيادة | |
| 245 | 1 | 0 |
_aكامل الشناوى الفيلسوف العاشق اخر ظرفاء العصر / _cاحمد زيادة |
| 300 | _a174 ص | ||
| 490 |
_aالهيئة العامة للاستعلامات _v0 |
||
| 650 | 0 | 4 | _aالادب العربى |
| 650 | 0 | 4 | _aالشعراء العرب |
| 650 | 0 | 4 | _aالادباء |
| 650 | 0 | 4 | _aالشعر العربى - دواوين وقصائد |
| 650 | 0 | 4 | _aكامل الشناوى |
| 942 |
_2ddc _cBK |
||
| 999 |
_c50527 _d50527 |
||